| 000 | 00342nam a2200109Ia 4500 | ||
|---|---|---|---|
| 008 | 171204s9999 xx 000 0 und d | ||
| 245 | _aManagerial Accounting for Dummies: | ||
| 245 | _cMark P. Holtzman | ||
| 260 | _c2013 | ||
| 650 | _xMANAGEMENT ACCOUNTING | ||
| 856 | _uhttp://down.ebook777.com/026/Managerial%20Accounting%20for%20Dummies.pdf | ||
| 999 |
_c347025 _d347025 |
||